Number 1 Country Songs of the 2010s - Statistics

General Stats
  • This quiz has been taken 105 times
  • The average score is 91 of 144
Answer Stats
Year Song Answer % Correct
2016 Forever Country Artists Of Then, Now & Forever
100%
2014 This Is How We Roll Florida Georgia Line feat. Luke Bryan
93%
2015 Strip It Down Luke Bryan
90%
2015 Kick The Dust Up Luke Bryan
90%
2015 I See You Luke Bryan
90%
2014 Play It Again Luke Bryan
90%
2014 Drink A Beer Luke Bryan
90%
2013 That's My Kind Of Night Luke Bryan
90%
2012 Drunk On You Luke Bryan
90%
2012 I Don't Want This Night To End Luke Bryan
90%
2011 Someone Else Calling You Baby Luke Bryan
90%
2010 Rain Is A Good Thing Luke Bryan
90%
2019 God's Country Blake Shelton
86%
2012 Sure Be Cool If You Did Blake Shelton
86%
2012 Over Blake Shelton
86%
2012 Drink on It Blake Shelton
86%
2011 God Gave Me You Blake Shelton
86%
2011 Honey Bee Blake Shelton
86%
2011 Who Are You When I'm Not Looking Blake Shelton
86%
2010 All About Tonight Blake Shelton
86%
2010 Hillbilly Bone Blake Shelton feat. Trace Adkins
86%
2019 Beautiful Crazy Luke Combs
85%
2017 When It Rains It Pours Luke Combs
85%
2013 We Were Us Keith Urban And Miranda Lambert
81%
2012 We Are Never Ever Getting Back Together Taylor Swift
81%
2012 Ours Taylor Swift
81%
2011 Sparks Fly Taylor Swift
81%
2016 H.O.L.Y. Florida Georgia Line
80%
2014 Dirt Florida Georgia Line
80%
2013-14 Stay Florida Georgia Line
80%
2012-13 Cruise Florida Georgia Line
80%
2011 Don't You Wanna Stay Jason Aldean With Kelly Clarkson
80%
2019-20 10,000 Hours Dan + Shay & Justin Bieber
79%
2014 Burnin' It Down Jason Aldean
79%
2012 Take A Little Ride Jason Aldean
79%
2012 Fly Over States Jason Aldean
79%
2011 Dirt Road Anthem Jason Aldean
79%
2010 The Truth Jason Aldean
79%
2017-18 Meant to Be Bebe Rexha & Florida Georgia Line
78%
2019 Whiskey Glasses Morgan Wallen
78%
2019 Tequila Dan + Shay
76%
2018-19 Speechless Dan + Shay
76%
2014 Somethin' Bad Miranda Lambert Duet With Carrie Underwood
76%
2010 As She's Walking Away Zac Brown Band feat. Alan Jackson
76%
2017 Body Like A Back Road Sam Hunt
75%
2015 House Party Sam Hunt
75%
2015 Take Your Time Sam Hunt
75%
2014 Leave The Night On Sam Hunt
75%
2011-12 Keep Me in Mind Zac Brown Band
74%
2011 Colder Weather Zac Brown Band
74%
2010 Free Zac Brown Band
74%
2010 Highway 20 Ride Zac Brown Band
74%
2011 Knee Deep Zac Brown Band feat. Jimmy Buffett
74%
2011 Remind Me Brad Paisley Duet With Carrie Underwood
73%
2016-17 Blue Ain't Your Color Keith Urban
73%
2012 You Gonna Fly Keith Urban
73%
2011 Long Hot Summer Keith Urban
73%
2011 Without You Keith Urban
73%
2011 Made in America Toby Keith
71%
2015 Something in the Water Carrie Underwood
70%
2012 Good Girl Carrie Underwood
70%
2010 Undo It Carrie Underwood
70%
2010 Temporary Home Carrie Underwood
70%
2012 Wagon Wheel Darius Rucker
70%
2011 This Darius Rucker
70%
2010 Come Back Song Darius Rucker
70%
2012 Springsteen Eric Church
70%
2012 Drink In My Hand Eric Church
70%
2016 Humble and Kind Tim McGraw
70%
2014 Shotgun Rider Tim McGraw
70%
2011 Felt Good On My Lips Tim McGraw
70%
2010 Southern Voice Tim McGraw
70%
2015 Tennessee Whiskey Chris Stapleton
69%
2015-16 Die A Happy Man Thomas Rhett
69%
2016 Setting the World On Fire Kenny Chesney feat. P!nk
68%
2017 What Ifs Kane Brown feat. Lauren Alaina
66%
2012 Come Over Kenny Chesney
66%
2012 Reality Kenny Chesney
66%
2011 Live a Little Kenny Chesney
66%
2011 Somewhere With You Kenny Chesney
66%
2010 The Boys of Fall Kenny Chesney
66%
2014 Beachin' Jake Owen
65%
2012 Alone With You Jake Owen
65%
2011 Barefoot Blue Jean Night Jake Owen
65%
2018 Lose It Kane Brown
65%
2011 We Owned The Night Lady A
65%
2011 Just A Kiss Lady A
65%
2010 Our Kind Of Love Lady A
65%
2010 American Honey Lady A
65%
2019 One Thing Right Marshmello & Kane Brown
65%
2012 Over You Miranda Lambert
64%
2011 Heart Like Mine Miranda Lambert
64%
2010 The House That Built Me Miranda Lambert
64%
2016 Somewhere On A Beach Dierks Bentley
63%
2012 5-1-5-0 Dierks Bentley
63%
2012 Home Dierks Bentley
63%
2011 Am I The Only One Dierks Bentley
63%
2017 Better Man Little Big Town
58%
2015 Girl Crush Little Big Town
58%
2012 Pontoon Little Big Town
58%
2012 Better Dig Two The Band Perry
55%
2012 All Your Life The Band Perry
55%
2010 If I Die Young The Band Perry
55%
2012 Even If It Breaks Your Heart Eli Young Band
53%
2011 Crazy Girl Eli Young Band
53%
2014 Bottoms Up Brantley Gilbert
50%
2012 You Don't Know Her Like I Do Brantley Gilbert
50%
2011 Country Must Be Country Wide Brantley Gilbert
50%
2012 You Chris Young
50%
2011 Tomorrow Chris Young
50%
2011 Voices Chris Young
50%
2010 The Man I Want to Be Chris Young
50%
2019 The Git Up Blanco Brown
49%
2016 You Should Be Here Cole Swindell
49%
2014 Chillin' It Cole Swindell
49%
2017 Greatest Love Story LANCO
49%
2011 Let Me Down Easy Billy Currington
44%
2010 Pretty Good At Drinkin' Beer Billy Currington
44%
2010 That's How Country Boys Roll Billy Currington
44%
2011 Old Alabama Brad Paisley feat. Alabama
43%
2010 Anything Like Me Brad Paisley
41%
2010 Water Brad Paisley
41%
2016 Peter Pan Kelsea Ballerini
39%
2012 Somethin' 'Bout A Truck Kip Moore
39%
2011 Take A Back Road Rodney Atkins
38%
2012 Every Storm (Runs Out Of Rain) Gary Allan
35%
2012 Wanted Hunter Hayes
35%
2011 If Heaven Wasn't So Far Away Justin Moore
31%
2010 All Over Me Josh Turner
30%
2010 Why Don't We Just Dance Josh Turner
30%
2011 Are You Gonna Kiss Me Or Not Thompson Square
29%
2010 Gimmie That Girl Joe Nichols
28%
2012 A Woman Like You Lee Brice
25%
2011 Turn On The Radio Reba McEntire
25%
2010 Consider Me Gone Reba McEntire
25%
2011 A Little Bit Stronger Sara Evans
25%
2012 Angel Eyes Love and Theft
19%
2012 Banjo Rascal Flatts
19%
2010 Why Wait Rascal Flatts
19%
2012 Let It Rain David Nail feat. Sarah Buxton
18%
2010 Roll With It Easton Corbin
16%
2010 A Little More Country Than That Easton Corbin
16%
2010 Lover, Lover Jerrod Niemann
13%
2015 My Baby's Got A Smile On Her Face Craig Wayne Boyd
1%
No matching quizzes found
Score Distribution
Percent of People with Each Score
Percentile by Number Answered
Your Score History
You have not taken this quiz